logoz #4 - Statistics

General Stats
  • This quiz has been taken 5 times
  • The average score is 5 of 8
Answer Stats
Picture Answer % Correct
Twix
100%
Baidu
60%
Carlsberg
60%
Cineplex
60%
Itau
60%
Maggi
60%
Turkish Airlines
60%
Noukie's
40%
No matching quizzes found
Score Distribution
Percent of People with Each Score
Percentile by Number Answered
Your Score History
You have not taken this quiz